Biology First Paper Eleven-Twelve Class / (Record no. 5442)
[ view plain ]
| 000 -LEADER | |
|---|---|
| fixed length control field | 00570nam a2200217 a 4500 |
| 001 - CONTROL NUMBER | |
| JCCL Control Number | 5442 |
| 003 - CONTROL NUMBER IDENTIFIER | |
| JCCL marc code | BD-JhCC |
| 005 - DATE AND TIME OF LATEST TRANSACTION | |
| control field | 20220131134021.0 |
| 008 - FIXED-LENGTH DATA ELEMENTS--GENERAL INFORMATION | |
| fixed length control field | 171214s20132015bg |||a| || | 000 0 eng d |
| 035 ## - SYSTEM CONTROL NUMBER | |
| system control number | (BD-JhCC)5442 |
| 040 ## - CATALOGING SOURCE | |
| Original cataloging agency | BD-JhCC |
| Modifying agency | BD-JhCC |
| 041 ## - LANGUAGE CODE | |
| Language code of Book | eng |
| 082 ## - DEWEY DECIMAL CLASSIFICATION NUMBER | |
| Classification number | 570 |
| Author mark and Year | BIO 2015 |
| 245 ## - TITLE STATEMENT | |
| Title | Biology First Paper Eleven-Twelve Class / |
| Statement of responsibility, etc | Md. Nazim Uddin ... [et. all]. |
| 260 ## - PUBLICATION, DISTRIBUTION, ETC. (IMPRINT) | |
| Place of publication, distribution, etc | Dhaka : |
| Name of publisher, distributor, etc | Nisharga Prokashani, |
| Date of publication, distribution, etc | 2015. |
| 300 ## - PHYSICAL DESCRIPTION | |
| Pagination | 358 p. : |
| Dimensions | 24 cm. |
| 650 ## - SUBJECT ADDED ENTRY--TOPICAL TERM | |
| Topical term or geographic name as entry element | Biology |
| 700 ## - ADDED ENTRY--PERSONAL NAME | |
| Personal name | Uddin, Md. Nazim |
| 942 ## - ADDED ENTRY ELEMENTS (KOHA) | |
| Source of classification or shelving scheme | Dewey Decimal Classification |
| Koha item type | Books |
| Koha issues (borrowed), all copies | 5 |
| Source of classification or shelving scheme | Damaged status | Not for loan | Home library | Current library | Shelving location | Cost, normal purchase price | Total Checkouts | Full call number | Barcode | Date last seen | Date checked out | Copy number | Koha item type | Date of accession |
|---|---|---|---|---|---|---|---|---|---|---|---|---|---|---|
| Dewey Decimal Classification | JCC Rouf Library | JCC Rouf Library | General Stacks | 300.00 | 3 | 570 BIO 2015 | 7632 | 05/18/2022 | 01/30/2022 | C - 1 | Books | |||
| Dewey Decimal Classification | JCC Rouf Library | JCC Rouf Library | General Stacks | 350.00 | 1 | 570 BIO 2015 | 9173 | 01/24/2024 | 01/21/2024 | C-2 | Books | 01/29/2018 |